[Event "Moscow (Women) op 19th"]
[Site "Moscow"]
[Date "2023.07.18"]
[Round "2"]
[White "Chistyakova, Daria"]
[Black "Badelka, Olga"]
[Result "0-1"]
[WhiteElo "1885"]
[BlackElo "2397"]
[PlyCount "76"]
[EventDate "2023.07.17"]
[EventType "swiss"]
[EventRounds "9"]
[EventCountry "RUS"]
[SourceTitle "CBM 215 Extra"]
[Source "ChessBase"]
[SourceDate "2023.09.30"]
[SourceVersion "1"]
[SourceVersionDate "2023.09.30"]
[SourceQuality "1"]

1. c4 Nf6 2. Nc3 e5 3. g3 Bc5 4. Bg2 0-0 5. e3 Re8 6. Nge2 d6 7. 0-0 a6 8. d4 Ba7 9. b3 Nc6 10. Bb2 Bg4 11. Qd2 h5 12. h3 Bf5 13. Rad1 Qd7 14. Kh2 Bh7 15. d5 Ne7 16. e4 b5 17. Qd3 bxc4 18. Qxc4 h4 19. Qd3 hxg3+ 20. Qxg3 Ng6 21. Bf3 Qe7 22. Bc1 Nd7 23. Bg5 f6 24. Bc1 f5 25. exf5 Nh4 26. Be4 Nxf5 27. Bxf5 Bxf5 28. Be3 Rf8 29. Bxa7 Rxa7 30. f4 Raa8 31. Rde1 exf4 32. Nxf4 Ne5 33. Nh5 Bh7 34. Nf4 Rf6 35. Nce2 Qf7 36. Nd4 Nd3 37. Nh5 Rxf1 38. Rxf1 Qxh5 0-1

[Event "Dubai op-B 23rd"]
[Site "Dubai"]
[Date "2023.06.04"]
[Round "9"]
[White "Chistyakova, Daria"]
[Black "Musallam Salim, Al Aamri"]
[Result "1-0"]
[WhiteElo "1947"]
[BlackElo "1743"]
[PlyCount "55"]
[EventDate "2023.05.27"]
[EventType "swiss"]
[EventRounds "9"]
[EventCountry "UAE"]
[SourceTitle "CBM 214 Extra"]
[Source "ChessBase"]
[SourceDate "2023.07.31"]
[SourceVersion "1"]
[SourceVersionDate "2023.07.31"]
[SourceQuality "1"]

1. e4 Nc6 2. d4 e5 3. dxe5 Nxe5 4. f4 Nc6 5. Be3 Bb4+ 6. Nd2 d5 7. c3 Ba5 8. e5 Nge7 9. Bb5 0-0 10. Ne2 f6 11. exf6 Rxf6 12. 0-0 Nf5 13. Bf2 Rg6 14. Nf3 Bb6 15. Ned4 Qd6 16. Bxc6 bxc6 17. Ne5 Bxd4 18. cxd4 Ba6 19. Re1 Rb8 20. b3 Rf6 21. Rc1 Ne7 22. Bh4 Rbf8 23. Bxf6 Rxf6 24. g3 Bc8 25. Qh5 Qb4 26. Nxc6 Nxc6 27. Re8+ Rf8 28. Qxd5+ 1-0

[Event "Dubai op-B 23rd"]
[Site "Dubai"]
[Date "2023.06.03"]
[Round "8"]
[White "Chistyakova, Daria"]
[Black "Yasmin, Ali"]
[Result "1-0"]
[WhiteElo "1947"]
[BlackElo "1520"]
[PlyCount "121"]
[EventDate "2023.05.27"]
[EventType "swiss"]
[EventRounds "9"]
[EventCountry "UAE"]
[SourceTitle "CBM 214 Extra"]
[Source "ChessBase"]
[SourceDate "2023.07.31"]
[SourceVersion "1"]
[SourceVersionDate "2023.07.31"]
[SourceQuality "1"]

1. e4 c5 2. Nf3 e6 3. d4 cxd4 4. Nxd4 a6 5. Nc3 Qc7 6. g3 b5 7. Bg2 Bb7 8. 0-0 Nc6 9. Be3 Nf6 10. f4 d6 11. e5 Nxd4 12. Bxb7 Qxb7 13. Bxd4 Nd5 14. Qf3 dxe5 15. fxe5 Bb4 16. Ne4 0-0 17. Rf2 Rac8 18. Raf1 Qe7 19. Qh5 Bc5 20. Nf6+ Nxf6 21. exf6 gxf6 22. Qg4+ Kh8 23. Rxf6 Bxd4+ 24. Qxd4 e5 25. Qe4 Rc4 26. Qf5 Qc5+ 27. Rf2 Qe3 28. Rxf7 Rxf7 29. Qxf7 Qe1+ 30. Kg2 Qe4+ 31. Rf3 h6 32. c3 b4 33. cxb4 Rxb4 34. b3 Rd4 35. Qf8+ Kh7 36. Qf5+ Qxf5 37. Rxf5 Rd5 38. Rf2 Kg6 39. Kf3 Rd4 40. Ke3 a5 41. a3 h5 42. h3 Kg5 43. Rc2 Kf5 44. Rc5 a4 45. b4 Rd1 46. Ra5 Rg1 47. Kf2 Ra1 48. Rxa4 Ke4 49. b5+ Kd3 50. Rb4 e4 51. Rb3+ Kc4 52. b6 Kd4 53. b7 Ra2+ 54. Ke1 Ra1+ 55. Kd2 Ra2+ 56. Kc1 Rh2 57. b8Q Rh1+ 58. Kb2 Rh2+ 59. Ka1 e3 60. Qd6+ Kc4 61. Qe6+ 1-0

[Event "St Petersburg Korchnoi Memorial op"]
[Site "St Petersburg"]
[Date "2018.08.16"]
[Round "2"]
[White "Chistyakova, Daria"]
[Black "Paravyan, David"]
[Result "0-1"]
[WhiteElo "1845"]
[BlackElo "2630"]
[PlyCount "40"]
[EventDate "2018.08.15"]
[EventType "swiss"]
[EventRounds "9"]
[EventCountry "RUS"]
[SourceTitle "CBM 186 Extra"]
[Source "ChessBase"]
[SourceDate "2018.08.24"]
[SourceVersion "1"]
[SourceVersionDate "2018.08.24"]
[SourceQuality "1"]

1. Nf3 c5 2. g3 Nc6 3. Bg2 g6 4. 0-0 Bg7 5. e4 Nf6 6. Nc3 0-0 7. Ne1 e6 8. f4 d5 9. f5 Nxe4 10. Nxe4 dxe4 11. fxg6 hxg6 12. Kh1 f5 13. d3 c4 14. Qe2 Nd4 15. Qf2 cxd3 16. cxd3 Bd7 17. dxe4 Bb5 18. exf5 Rxf5 19. Nf3 Nxf3 20. Bxf3 Rxf3 0-1

[Event "Kolomna rapid op"]
[Site "Kolomna"]
[Date "2018.02.16"]
[Round "1"]
[White "Vastrukhin, Oleg"]
[Black "Chistyakova, Daria"]
[Result "1-0"]
[WhiteElo "2409"]
[BlackElo "1845"]
[PlyCount "71"]
[EventDate "2018.02.16"]
[EventType "swiss (rapid)"]
[EventRounds "11"]
[EventCountry "RUS"]
[SourceTitle "CBM 183 Extra"]
[Source "ChessBase"]
[SourceDate "2018.04.19"]
[SourceVersion "1"]
[SourceVersionDate "2018.04.19"]
[SourceQuality "1"]

1. Nf3 Nf6 2. g3 g6 3. Bg2 Bg7 4. 0-0 0-0 5. c4 d6 6. Nc3 e5 7. d3 Nc6 8. Rb1 Ne8 9. b4 f5 10. Nd5 h6 11. b5 Ne7 12. Ne1 Nxd5 13. Bxd5+ Kh7 14. a4 Nf6 15. Bg2 e4 16. Nc2 d5 17. cxd5 Nxd5 18. Bb2 Bxb2 19. Rxb2 Nf6 20. dxe4 fxe4 21. Ne3 Qe7 22. Qc2 Bf5 23. Rc1 Rac8 24. Qc5 Qxc5 25. Rxc5 Nd7 26. Rc3 Nb6 27. Rb4 Rfe8 28. g4 Bd7 29. a5 Na8 30. Bxe4 c6 31. bxc6 bxc6 32. Rb7 Rc7 33. Rxc7 Nxc7 34. Bxc6 Bxc6 35. Rxc6 Ne6 36. Nd5 1-0

[Event "St Petersburg Summer op"]
[Site "St Petersburg"]
[Date "2017.08.23"]
[Round "8"]
[White "Chistyakova, Daria"]
[Black "Nakhodkin, Gennadiy"]
[Result "1-0"]
[WhiteElo "1841"]
[BlackElo "2001"]
[PlyCount "79"]
[EventDate "2017.08.16"]
[EventType "swiss"]
[EventRounds "9"]
[EventCountry "RUS"]
[SourceTitle "CBM 180 Extra"]
[Source "ChessBase"]
[SourceDate "2017.10.06"]
[SourceVersion "1"]
[SourceVersionDate "2017.10.06"]
[SourceQuality "1"]

1. e4 e5 2. Nf3 Nc6 3. Bc4 Bc5 4. 0-0 Nf6 5. c3 d6 6. d4 exd4 7. cxd4 Bb6 8. d5 Ne5 9. Nxe5 dxe5 10. Nc3 h6 11. h3 a6 12. Kh1 g5 13. Be3 Qd6 14. Qd2 Bd7 15. Bd3 Rg8 16. b4 Nh5 17. a4 g4 18. h4 g3 19. Ne2 Qf6 20. fxg3 Nxg3+ 21. Nxg3 Qxh4+ 22. Kg1 Bxe3+ 23. Qxe3 Rxg3 24. Rf3 Rg7 25. Rc1 Qg4 26. Rf2 Qg3 27. Qxh6 Bh3 28. Bf1 Kd7 29. b5 Rag8 30. bxa6 Rg6 31. Qd2 bxa6 32. Qc3 Qxc3 33. Rxc3 Bg4 34. Rxf7+ Kd8 35. Rfxc7 Bd7 36. Ra7 R8g7 37. a5 Rg4 38. Rb3 Rxe4 39. Rb8+ Bc8 40. Rxg7 1-0

[Event "St Petersburg Summer op"]
[Site "St Petersburg"]
[Date "2017.08.21"]
[Round "6"]
[White "Sharikov, Andrey"]
[Black "Chistyakova, Daria"]
[Result "1/2-1/2"]
[WhiteElo "2095"]
[BlackElo "1841"]
[PlyCount "87"]
[EventDate "2017.08.16"]
[EventType "swiss"]
[EventRounds "9"]
[EventCountry "RUS"]
[SourceTitle "CBM 180 Extra"]
[Source "ChessBase"]
[SourceDate "2017.10.06"]
[SourceVersion "1"]
[SourceVersionDate "2017.10.06"]
[SourceQuality "1"]

1. e4 e5 2. Bc4 Nf6 3. Nc3 Nc6 4. d3 Bb4 5. Nge2 d5 6. exd5 Nxd5 7. Bd2 Nxc3 8. Nxc3 0-0 9. 0-0 Kh8 10. a3 Be7 11. Nd5 Bd6 12. Kh1 Qh4 13. f4 Bg4 14. Qe1 Qh5 15. Qf2 Rae8 16. Rae1 f6 17. c3 Nd8 18. f5 Nf7 19. Re4 Ng5 20. Bxg5 fxg5 21. Ne3 Bc5 22. d4 exd4 23. Rxe8 Rxe8 24. f6 Rf8 25. Nxg4 Qxg4 26. f7 Bb6 27. cxd4 Qxd4 28. Qxd4 Bxd4 29. b3 g6 30. g4 Kg7 31. Rd1 Bc5 32. a4 a6 33. Kg2 h5 34. Rd5 Be7 35. Re5 Bf6 36. Re8 Bd4 37. Re7 Bb6 38. Rd7 Ba5 39. Kf3 b5 40. axb5 axb5 41. Bd5 c6 42. Bxc6 Rxf7+ 43. Rxf7+ Kxf7 44. Bxb5 1/2-1/2

[Event "St Petersburg Summer op"]
[Site "St Petersburg"]
[Date "2017.08.19"]
[Round "4"]
[White "Paramzina, Anastasya"]
[Black "Chistyakova, Daria"]
[Result "0-1"]
[WhiteElo "2141"]
[BlackElo "1841"]
[PlyCount "80"]
[EventDate "2017.08.16"]
[EventType "swiss"]
[EventRounds "9"]
[EventCountry "RUS"]
[SourceTitle "CBM 180 Extra"]
[Source "ChessBase"]
[SourceDate "2017.10.06"]
[SourceVersion "1"]
[SourceVersionDate "2017.10.06"]
[SourceQuality "1"]

1. e4 e5 2. Nf3 Nc6 3. Bc4 Nf6 4. d3 d5 5. exd5 Nxd5 6. 0-0 Bc5 7. Re1 0-0 8. c3 Bg4 9. h3 Bh5 10. Nbd2 Kh8 11. Ne4 Be7 12. Ng3 Bg6 13. Bb5 f6 14. Nh4 Be8 15. Ba4 g6 16. Nf3 Nf4 17. d4 Bd6 18. Ne4 exd4 19. cxd4 Nb4 20. Bxf4 Bxf4 21. Nc5 Bf7 22. a3 Nd5 23. Nxb7 Qc8 24. Nc5 c6 25. Nd2 Rb8 26. Nd3 Bh6 27. Rc1 Qf5 28. Qc2 Nf4 29. Nxf4 Qxf4 30. Ne4 Bd5 31. Nc3 Qxd4 32. Rcd1 Qc5 33. b4 Qc4 34. Nxd5 cxd5 35. Qb2 Rfd8 36. Qxf6+ Bg7 37. Qf7 a5 38. Re7 Qc3 39. Rde1 Rf8 40. Re8 Qxe1+ 0-1

[Event "Moscow op-B (Women) 13th"]
[Site "Moscow"]
[Date "2017.02.04"]
[Round "8"]
[White "Elkina, Yuliya"]
[Black "Chistyakova, Daria"]
[Result "0-1"]
[WhiteElo "1652"]
[BlackElo "1914"]
[PlyCount "122"]
[EventDate "2017.01.28"]
[EventType "swiss"]
[EventRounds "9"]
[EventCountry "RUS"]
[SourceTitle "EXT 2018"]
[Source "ChessBase"]
[SourceDate "2017.10.13"]
[SourceVersion "1"]
[SourceVersionDate "2017.10.13"]
[SourceQuality "1"]

1. f4 Nf6 2. e3 Nc6 3. Nf3 d6 4. Bb5 Bd7 5. b3 e5 6. Bb2 e4 7. Nd4 Nxd4 8. Bxd7+ Qxd7 9. Bxd4 0-0-0 10. Qe2 c5 11. Bxf6 gxf6 12. c4 d5 13. cxd5 Qxd5 14. Nc3 Qc6 15. Qb5 Qe6 16. 0-0-0 f5 17. Qc4 Qd7 18. Kc2 Kb8 19. d3 Bg7 20. dxe4 Qc6 21. Rd5 fxe4 22. Rxc5 Qf6 23. Rd1 Rc8 24. Rdd5 b6 25. Nxe4 Qb2+ 26. Kd3 bxc5 27. Nxc5 Rxc5 28. Qxc5 Rc8 29. Qd6+ Ka8 30. Rc5 Qb1+ 31. Ke2 Qxa2+ 32. Kf3 Rxc5 33. Qxc5 Qxb3 34. Qc8+ Qb8 35. Qf5 Qb7+ 36. e4 h6 37. h4 a6 38. Kg4 Qc7 39. g3 a5 40. Qd5+ Ka7 41. e5 Qc8+ 42. f5 Qc7 43. e6 fxe6 44. Qxe6 Be5 45. f6 Qd6 46. Kf5 Qxe6+ 47. Kxe6 Bxf6 48. Kxf6 a4 49. g4 a3 50. g5 hxg5 51. hxg5 a2 52. g6 a1Q+ 53. Kf7 Qf1+ 54. Kg8 Kb7 55. g7 Kc7 56. Kh7 Qh3+ 57. Kg6 Qg4+ 58. Kh6 Kd7 59. Kh7 Qh5+ 60. Kg8 Ke6 61. Kf8 Qf7# 0-1

[Event "Moscow op-B (Women) 13th"]
[Site "Moscow"]
[Date "2017.01.28"]
[Round "1"]
[White "Schepetkova, Margarita"]
[Black "Chistyakova, Daria"]
[Result "1/2-1/2"]
[WhiteElo "2296"]
[BlackElo "1914"]
[PlyCount "131"]
[EventDate "2017.01.28"]
[EventType "swiss"]
[EventRounds "9"]
[EventCountry "RUS"]
[SourceTitle "EXT 2018"]
[Source "ChessBase"]
[SourceDate "2017.10.13"]
[SourceVersion "1"]
[SourceVersionDate "2017.10.13"]
[SourceQuality "1"]

1. d4 Nf6 2. c4 g6 3. Nc3 Bg7 4. e4 d6 5. Be2 0-0 6. Bg5 c5 7. d5 a6 8. a4 Qa5 9. Bd2 Nbd7 10. Nf3 Qb6 11. 0-0 Ng4 12. h3 Nge5 13. Ne1 f5 14. f4 Nf7 15. exf5 gxf5 16. Qc2 Nf6 17. Bd3 e6 18. a5 Qd8 19. Nf3 b6 20. Rfe1 exd5 21. cxd5 b5 22. Bxf5 b4 23. Na4 Qxa5 24. Be6 Qb5 25. b3 Bb7 26. Ng5 h6 27. Nxf7 Rxf7 28. Bxf7+ Kxf7 29. Rad1 Bxd5 30. Bc1 c4 31. bxc4 Bxc4 32. Nb2 d5 33. Qf5 Re8 34. Re5 Bb3 35. Rde1 Qc5+ 36. Kh1 Bc2 37. Nd3 Bxd3 38. Qxd3 Rxe5 39. fxe5 Ne4 40. e6+ Kxe6 41. Qxa6+ Kf7 42. Bxh6 Be5 43. Rf1+ Nf2+ 44. Kg1 Bd4 45. Qe2 Kg6 46. Qe6+ Kh7 47. Kh2 Qc7+ 48. g3 Qc2 49. h4 Ng4+ 50. Kh3 Nxh6 51. Qe7+ Bg7 52. Qxb4 Qc8+ 53. g4 Qe6 54. Re1 Qf7 55. Qb1+ Kh8 56. Qd3 d4 57. Rb1 Qc7 58. Rb5 Qf4 59. Rg5 Be5 60. Kg2 Nxg4 61. Rh5+ Nh6 62. Qg6 Qd2+ 63. Kf1 Qd1+ 64. Kf2 Qd2+ 65. Kf1 Qc1+ 66. Kf2 1/2-1/2

[Event "Moscow op-B (Women)"]
[Site "Moscow"]
[Date "2016.02.01"]
[Round "3"]
[White "Chistyakova, Daria"]
[Black "Martynkova, Olena"]
[Result "0-1"]
[WhiteElo "1851"]
[BlackElo "2245"]
[PlyCount "92"]
[EventDate "2016.01.30"]
[EventType "swiss"]
[EventRounds "9"]
[EventCountry "RUS"]
[SourceTitle "CBM 170 Extra"]
[Source "ChessBase"]
[SourceDate "2016.02.25"]
[SourceVersion "1"]
[SourceVersionDate "2016.02.25"]
[SourceQuality "1"]

1. e4 c5 2. Nf3 e6 3. d4 cxd4 4. Nxd4 Nc6 5. Nc3 Qc7 6. a3 a6 7. Be3 Nf6 8. Nxc6 dxc6 9. Bd3 e5 10. h3 b5 11. 0-0 Bd6 12. Ne2 0-0 13. f4 c5 14. c4 bxc4 15. Bxc4 Nxe4 16. fxe5 Bxe5 17. Qc2 Bb7 18. Nf4 Rad8 19. Bd3 Qc6 20. Rae1 Nf6 21. Rf3 Bd4 22. Bxd4 Rxd4 23. Ne2 Rd7 24. Ng3 Qb6 25. Rf2 Bd5 26. Ref1 Bb3 27. Qe2 Qd6 28. Rf3 c4 29. Bf5 Re7 30. Qf2 Rd8 31. Bb1 Qd2 32. Qc5 Re1 33. Nf5 Rxf1+ 34. Rxf1 Qxb2 35. Qb6 Qd2 36. Kh2 Re8 37. Nd6 Rf8 38. Nf5 Qe2 39. Kg1 Qe6 40. Qc7 Nd5 41. Qg3 g6 42. Nh6+ Kg7 43. Ng4 Re8 44. Qh4 h5 45. Nf2 Qf6 46. Qg3 Qf4 0-1

[Event "Moscow Region-ch"]
[Site "Kolomna"]
[Date "2015.10.21"]
[Round "8"]
[White "Ryabov, Georgy"]
[Black "Chistyakova, Daria"]
[Result "0-1"]
[WhiteElo "1529"]
[BlackElo "1848"]
[PlyCount "90"]
[EventDate "2015.10.16"]
[EventType "swiss"]
[EventRounds "9"]
[EventCountry "RUS"]
[SourceTitle "CBM 169 Extra"]
[Source "ChessBase"]
[SourceDate "2015.12.18"]
[SourceVersion "1"]
[SourceVersionDate "2015.12.18"]
[SourceQuality "1"]

1. c4 Nf6 2. Nc3 g6 3. e4 d6 4. d3 Bg7 5. Nge2 e5 6. h3 0-0 7. g3 Nc6 8. Bg2 Nd4 9. 0-0 c5 10. f4 Nh5 11. g4 Nxe2+ 12. Nxe2 Nxf4 13. Nxf4 exf4 14. Rxf4 Be5 15. Rf3 Bd4+ 16. Kh1 Qh4 17. Rf1 h5 18. Qe1 Qxe1 19. Rxe1 hxg4 20. hxg4 Bxg4 21. Rb1 Kg7 22. Be3 Be5 23. Bf2 Rh8+ 24. Kg1 Rh5 25. a3 Rah8 26. b4 b6 27. bxc5 dxc5 28. a4 Bd7 29. a5 Bc3 30. Rec1 Bxa5 31. Ra1 Bh3 32. Rc2 Rg5 33. Be3 Rg3 34. Bxc5 Bc3 35. Ra3 Be5 36. d4 Rxa3 37. Bxa3 Bxd4+ 38. Kf1 Bxg2+ 39. Kxg2 Rh4 40. Re2 Be5 41. Be7 Rh2+ 42. Kf3 Rh3+ 43. Kg2 Rc3 44. Ra2 Rxc4 45. Rxa7 Rxe4 0-1

[Event "Moscow Region-ch"]
[Site "Kolomna"]
[Date "2015.10.18"]
[Round "4"]
[White "Shelushpanov, Nikolai"]
[Black "Chistyakova, Daria"]
[Result "0-1"]
[WhiteElo "1462"]
[BlackElo "1848"]
[PlyCount "38"]
[EventDate "2015.10.16"]
[EventType "swiss"]
[EventRounds "9"]
[EventCountry "RUS"]
[SourceTitle "CBM 169 Extra"]
[Source "ChessBase"]
[SourceDate "2015.12.18"]
[SourceVersion "1"]
[SourceVersionDate "2015.12.18"]
[SourceQuality "1"]

1. e4 e5 2. Nf3 Nc6 3. Bb5 a6 4. Ba4 Nf6 5. 0-0 b5 6. Bb3 Be7 7. Re1 0-0 8. c3 d5 9. exd5 Nxd5 10. Nxe5 Nxe5 11. Rxe5 c6 12. Bxd5 cxd5 13. d4 Bd6 14. Re1 Qh4 15. h3 Bxh3 16. gxh3 Qxh3 17. Re3 Bh2+ 18. Kh1 Bg3+ 19. Kg1 Qh2+ 0-1

[Event "Samara Polugaevsky Memorial 5th"]
[Site "Samara"]
[Date "2015.07.10"]
[Round "8"]
[White "Chistyakova, Daria"]
[Black "Kalashnikova, Elena"]
[Result "1-0"]
[WhiteElo "1832"]
[BlackElo "1782"]
[PlyCount "109"]
[EventDate "2015.07.03"]
[EventType "swiss"]
[EventRounds "9"]
[EventCountry "RUS"]
[SourceTitle "EXT 2017"]
[Source "ChessBase"]
[SourceDate "2016.10.25"]
[SourceVersion "1"]
[SourceVersionDate "2016.10.25"]
[SourceQuality "1"]

1. e4 c5 2. Nc3 e6 3. f4 g6 4. Nf3 Bg7 5. g3 Ne7 6. Bg2 Nbc6 7. 0-0 0-0 8. d3 d6 9. g4 f5 10. gxf5 exf5 11. Ne2 Bd7 12. c3 Qb6 13. Kh1 Qc7 14. Qb3+ Kh8 15. Ng3 h6 16. Qc2 fxe4 17. dxe4 d5 18. e5 Bf5 19. Nxf5 Nxf5 20. Qf2 d4 21. cxd4 Ncxd4 22. Nh4 Nxh4 23. Qxh4 Nf5 24. Qf2 Nd4 25. Qg3 g5 26. fxg5 Rxf1+ 27. Bxf1 Bxe5 28. Qh4 Rf8 29. Qxh6+ Kg8 30. Bc4+ Rf7 31. Be3 Bg7 32. Qg6 Kf8 33. Qxf7+ Qxf7 34. Bxf7 Nc2 35. Bxc5+ Kxf7 36. Rd1 Kg6 37. Rd2 Ne1 38. Bxa7 Nf3 39. Rg2 Nh4 40. Rg4 Nf3 41. Rb4 Be5 42. Rxb7 Nxh2 43. Bb8 Ng4 44. Rb6+ Kxg5 45. Rb5 Kf4 46. Bxe5+ Nxe5 47. Rxe5 Kxe5 48. b4 Kd5 49. a3 Kc4 50. Kg2 Kb5 51. Kf3 Kc4 52. Ke4 Kb5 53. Kd5 Ka4 54. Kc5 Kxa3 55. b5 1-0

[Event "Samara Polugaevsky Memorial 5th"]
[Site "Samara"]
[Date "2015.07.06"]
[Round "4"]
[White "Chistyakova, Daria"]
[Black "Popov, Alexey"]
[Result "0-1"]
[WhiteElo "1832"]
[BlackElo "2080"]
[PlyCount "46"]
[EventDate "2015.07.03"]
[EventType "swiss"]
[EventRounds "9"]
[EventCountry "RUS"]
[SourceTitle "EXT 2017"]
[Source "ChessBase"]
[SourceDate "2016.10.25"]
[SourceVersion "1"]
[SourceVersionDate "2016.10.25"]
[SourceQuality "1"]

1. e4 c5 2. Nf3 d6 3. d4 cxd4 4. Nxd4 Nf6 5. Nc3 a6 6. a4 e5 7. Nb3 Be6 8. Bd3 Nc6 9. 0-0 Nb4 10. Be2 Rc8 11. Bg5 Qc7 12. Rc1 Qc6 13. Nb5 Nxe4 14. Na7 Qc7 15. Nxc8 Nxg5 16. Qd2 Nd5 17. Nxd6+ Bxd6 18. Qxg5 Nf4 19. Rfe1 f6 20. Qg3 Bb4 21. Bg4 Bxe1 22. Rxe1 Qxc2 23. Bd1 Qxd1 0-1

[Event "Samara Polugaevsky Memorial 5th"]
[Site "Samara"]
[Date "2015.07.03"]
[Round "1"]
[White "Fakhrutdinov, Timur"]
[Black "Chistyakova, Daria"]
[Result "1-0"]
[WhiteElo "2298"]
[BlackElo "1832"]
[PlyCount "71"]
[EventDate "2015.07.03"]
[EventType "swiss"]
[EventRounds "9"]
[EventCountry "RUS"]
[SourceTitle "EXT 2017"]
[Source "ChessBase"]
[SourceDate "2016.10.25"]
[SourceVersion "1"]
[SourceVersionDate "2016.10.25"]
[SourceQuality "1"]

1. e4 e5 2. Nf3 Nc6 3. Bc4 Bc5 4. c3 Nf6 5. d4 exd4 6. cxd4 Bb4+ 7. Bd2 Bxd2+ 8. Nbxd2 d5 9. exd5 Nxd5 10. 0-0 0-0 11. Rc1 Bg4 12. h3 Bh5 13. Bxd5 Qxd5 14. Qa4 Bxf3 15. Nxf3 Rad8 16. Rc5 Qe4 17. Re1 Qf4 18. Qb5 Nxd4 19. Nxd4 Rxd4 20. Qxb7 Rd2 21. Rf1 Qa4 22. a3 Qd4 23. b4 Ra2 24. Ra5 Ra1 25. Rxa1 Qxa1+ 26. Kh2 c5 27. Qxa7 cxb4 28. axb4 Qb2 29. Qc5 h6 30. Ra7 Qd2 31. Rc7 h5 32. Rc8 Rxc8 33. Qxc8+ Kh7 34. Qc5 Qf4+ 35. Kg1 g6 36. b5 1-0

[Event "Moscow op-B (Women)"]
[Site "Moscow"]
[Date "2015.01.31"]
[Round "1"]
[White "Protopopova, Anastasiya"]
[Black "Chistyakova, Daria"]
[Result "1-0"]
[WhiteElo "2111"]
[BlackElo "1733"]
[PlyCount "63"]
[EventDate "2015.01.31"]
[EventType "swiss"]
[EventRounds "9"]
[EventCountry "RUS"]
[SourceTitle "CBM 164 Extra"]
[Source "ChessBase"]
[SourceDate "2015.03.02"]
[SourceVersion "1"]
[SourceVersionDate "2015.03.02"]
[SourceQuality "1"]

1. Nf3 Nf6 2. c4 g6 3. Nc3 Bg7 4. e4 d6 5. d4 0-0 6. Be2 Nc6 7. d5 Nb8 8. 0-0 e5 9. dxe6 fxe6 10. e5 Nh5 11. Bg5 Qd7 12. Nb5 a6 13. Nc3 Nc6 14. exd6 cxd6 15. Qc2 Qc7 16. Rad1 Nf4 17. Bxf4 Rxf4 18. Qd2 Qf7 19. Qxd6 Bf8 20. Qd2 Bh6 21. g3 Rh4 22. Ng5 Bxg5 23. Qxg5 Rd4 24. Rxd4 Nxd4 25. Qd8+ Qf8 26. Qxd4 Qe7 27. Rd1 Kf7 28. Qh8 Qb4 29. Qxh7+ Kf6 30. Ne4+ Kf5 31. Qf7+ Kxe4 32. Qf4# 1-0

[Event "Kimry Autumn op"]
[Site "Kimry"]
[Date "2013.08.30"]
[Round "5"]
[White "Sherbakova, Elena"]
[Black "Chistyakova, Daria"]
[Result "0-1"]
[WhiteElo "1849"]
[BlackElo "1641"]
[PlyCount "58"]
[EventDate "2013.08.28"]
[EventType "swiss"]
[EventRounds "7"]
[EventCountry "RUS"]
[SourceTitle "CBM 156 Extra"]
[Source "ChessBase"]
[SourceDate "2013.10.22"]
[SourceVersion "1"]
[SourceVersionDate "2013.10.22"]
[SourceQuality "1"]

1. d4 f5 2. Nf3 Nf6 3. g3 g6 4. Bg2 Bg7 5. c3 d6 6. 0-0 0-0 7. Nbd2 h6 8. Qc2 Nc6 9. Nc4 Be6 10. Nfd2 Bf7 11. Bxc6 bxc6 12. Re1 Kh7 13. Ne3 e5 14. dxe5 dxe5 15. Ndc4 Qe7 16. Na5 c5 17. Ng2 Rae8 18. Be3 Nd5 19. Bd2 Nf6 20. f3 e4 21. Nb3 c4 22. Nd4 c5 23. Nb5 a6 24. Na3 Qb7 25. Ne3 exf3 26. Nxf5 f2+ 27. Kxf2 gxf5 28. Qxf5+ Bg6 29. Qxc5 Ne4+ 0-1

[Event "Kimry Autumn op"]
[Site "Kimry"]
[Date "2013.08.29"]
[Round "3"]
[White "Motruk, Oleg"]
[Black "Chistyakova, Daria"]
[Result "0-1"]
[WhiteElo "1911"]
[BlackElo "1641"]
[PlyCount "150"]
[EventDate "2013.08.28"]
[EventType "swiss"]
[EventRounds "7"]
[EventCountry "RUS"]
[SourceTitle "CBM 156 Extra"]
[Source "ChessBase"]
[SourceDate "2013.10.22"]
[SourceVersion "1"]
[SourceVersionDate "2013.10.22"]
[SourceQuality "1"]

1. e4 e5 2. Nf3 Nc6 3. d4 exd4 4. Bc4 Be7 5. 0-0 Nf6 6. Re1 d6 7. Nxd4 0-0 8. c3 Na5 9. Bd3 Ng4 10. h3 Ne5 11. Bc2 Nac4 12. f4 Ng6 13. Rf1 d5 14. e5 c5 15. Nf3 f6 16. b3 Nb6 17. Bxg6 hxg6 18. Nh4 Bf5 19. Nxf5 gxf5 20. e6 Qd6 21. Re1 d4 22. cxd4 cxd4 23. Ba3 Qc7 24. Bxe7 Qxe7 25. Qxd4 Rfd8 26. Qe3 Nd5 27. Qf2 Nb4 28. Qe2 Nd3 29. Rf1 Qc5+ 30. Kh1 Qd4 31. Na3 Nxf4 32. Qf3 Nxe6 33. Qxf5 Ng5 34. Rae1 Qb2 35. Nc4 Qxa2 36. h4 Nf7 37. Qb5 b6 38. Re7 Qc2 39. Rfe1 Rf8 40. Qd5 Rad8 41. Qe6 Qf2 42. Qg4 Rd4 43. R1e4 Rxe4 44. Qxe4 f5 45. Qe1 Qc2 46. Qe3 Qd1+ 47. Kh2 Nh6 48. Qg5 Ng4+ 49. Kh3 Qxb3+ 50. Ne3 Qc3 51. h5 a5 52. g3 Qa1 53. Nxg4 fxg4+ 54. Kxg4 Qd1+ 55. Kh3 Qh1+ 56. Kg4 Qf3+ 57. Kh3 Qf5+ 58. Kh4 Qxg5+ 59. Kxg5 a4 60. Ra7 b5 61. Rb7 Ra8 62. Rxb5 a3 63. Rb1 a2 64. Ra1 Kh7 65. g4 Ra4 66. Kh4 Kh6 67. Kg3 Kg5 68. Kf3 Ra3+ 69. Kg2 Kxg4 70. h6 gxh6 71. Kh2 h5 72. Kg2 h4 73. Kh2 h3 74. Kg1 Kf3 75. Kh2 Ke2 0-1